000 00457nam a22001817a 4500
003 MPLRDC
005 20220104192222.0
008 210129b ||||| |||| 00| 0 eng d
020 _a978-7-5091-2617-2
082 _a415.6 HYH
100 _a胡云红 主编
245 _a高脂血症患者健康全书
_c
250 _a一版一刷
260 _a中国
_b人民军医出版社
_c2009
300 _b
650 _a血液病
942 _cBK
_o415.6 HYH
999 _c64620
_d64610